What emerges from the force of our fists: Clinical approach to the extreme traumas of migratory journeys via psychoboxing (notice n° 1723022)

détails MARC
000 -LEADER
fixed length control field 01142cam a2200157 4500500
005 - DATE AND TIME OF LATEST TRANSACTION
control field 20260322002410.0
041 ## - LANGUAGE CODE
Language code of text/sound track or separate title fre
042 ## - AUTHENTICATION CODE
Authentication code dc
100 10 - MAIN ENTRY--PERSONAL NAME
Personal name Jay, Emmanuelle
Relator term author
245 00 - TITLE STATEMENT
Title What emerges from the force of our fists: Clinical approach to the extreme traumas of migratory journeys via psychoboxing
260 ## - PUBLICATION, DISTRIBUTION, ETC.
Date of publication, distribution, etc. 2026.<br/>
500 ## - GENERAL NOTE
General note 37
520 ## - SUMMARY, ETC.
Summary, etc. Permanent contracts no longer necessarily offer the level of stability they once did. According to data from the Génération surveys, since 2020, there has been an increase in the number of young people leaving permanent contracts after their first few years of working life. The sector of activity is of key importance: some offer stable career paths despite interruptions in permanent contracts, while others are more prone to sudden terminations and long-term exits from the labour market. A sectoral map of early careers is emerging, oscillating between stability and precariousness.
786 0# - DATA SOURCE ENTRY
Note Le Coq-héron | 263 | 4 | 2026-02-04 | p. 167-177 | 0335-7899
856 41 - ELECTRONIC LOCATION AND ACCESS
Uniform Resource Identifier <a href="https://shs.cairn.info/journal-le-coq-heron-2025-4-page-167?lang=en&redirect-ssocas=7080">https://shs.cairn.info/journal-le-coq-heron-2025-4-page-167?lang=en&redirect-ssocas=7080</a>

Pas d'exemplaire disponible.

PLUDOC

PLUDOC est la plateforme unique et centralisée de gestion des bibliothèques physiques et numériques de Guinée administré par le CEDUST. Elle est la plus grande base de données de ressources documentaires pour les Étudiants, Enseignants chercheurs et Chercheurs de Guinée.

Adresse

627 919 101/664 919 101

25 boulevard du commerce
Kaloum, Conakry, Guinée

Réseaux sociaux

Powered by Netsen Group @ 2025